000 00601cam a22002171 4500
001 he 65001374
003 DLC
005 20260227111433.0
008 830707s1965 is 000 0 heb
010 _ahe 65001374
035 _a(OCoLC)19158767
040 _aDLC
_cMH
_dCU
_dDLC
042 _apremarc
050 0 0 _aPJ5054.D6
_bS5
100 1 _aDor, Mosheh,
_d1932-
245 1 0 _aSirpad u-matekhet :
_bshirim.
260 _a[Tel Aviv] :
_bAgudat ha-sofrim be-Yiśraʼel le-yad hotsaʼat Masadah,
_c[1965]
300 _a157 p. ;
_c23 cm.
440 0 _aSifriyat maḳor
752 _aIsrael
_dTel Aviv
999 _c31351
_d31351